A history of the modern Middle East / (Record no. 28465)

MARC details
000 -LEADER
campo de control de longitud fija 02727cam a2200337 a 4500
001 - NÚMERO DE CONTROL
campo de control 115234
005 - FECHA Y HORA DE LA ÚLTIMA TRANSACCIÓN
campo de control 20230410103923.0
008 - DATOS DE LONGITUD FIJA--INFORMACIÓN GENERAL
campo de control de longitud fija 080821s2009 couab b 001 0 eng
035 ## - NÚMERO DE CONTROL DEL SISTEMA
Número de control de sistema 15421686
010 ## - NÚMERO DE CONTROL DE LA BIBLIOTECA DEL CONGRESO
Número de control de LC 2008037302
020 ## - NÚMERO INTERNACIONAL ESTÁNDAR DEL LIBRO
Número Internacional Estándar del Libro 9780813343747 (alk. paper)
020 ## - NÚMERO INTERNACIONAL ESTÁNDAR DEL LIBRO
Número Internacional Estándar del Libro 0813343747 (alk. paper)
035 ## - NÚMERO DE CONTROL DEL SISTEMA
Número de control de sistema (OCoLC)ocn191926614
040 ## - FUENTE DE CATALOGACIÓN
Centro catalogador/agencia de origen DLC
Centro/agencia transcriptor DLC
Centro/agencia modificador YDX
-- BTCTA
-- BAKER
-- YDXCP
-- CDX
-- TSU
-- BWX
-- IK2
-- VP@
-- KAAUA
-- DLC
043 ## - CÓDIGO DE ÁREA GEOGRÁFICA
Código de área geográfica aw-----
050 14 - SIGNATURA TOPOGRÁFICA DE LA BIBLIOTECA DEL CONGRESO
Número de clasificación 439 DS 62.4
Número de ítem C635h 2009
082 00 - NÚMERO DE LA CLASIFICACIÓN DECIMAL DEWEY
Número de clasificación 956
100 1# - ENTRADA PRINCIPAL--NOMBRE DE PERSONA
Nombre de persona Cleveland, William L.
245 12 - MENCIÓN DEL TÍTULO
Título A history of the modern Middle East /
Mención de responsabilidad, etc. William L. Cleveland, Martin Bunton.
250 ## - MENCION DE EDICION
Mención de edición 4th ed.
260 ## - PUBLICACIÓN, DISTRIBUCIÓN, ETC.
Lugar de publicación, distribución, etc. Boulder, CO :
Nombre del editor, distribuidor, etc. Westview Press,
Fecha de publicación, distribución, etc. c2009.
300 ## - DESCRIPCIÓN FÍSICA
Extensión xxi, 619 p. :
Otras características físicas ill., maps ;
Dimensiones 23 cm.
504 ## - NOTA DE BIBLIOGRAFÍA, ETC.
Nota de bibliografía, etc. Includes bibliographical references (p. 583-607) and index.
505 0# - NOTA DE CONTENIDO CON FORMATO
Nota de contenido con formato The rise and expansion of Islam -- The development of Islamic civilization to the fifteenth century -- The Ottoman and Safavid Empires : a new imperial synthesis -- Forging a new synthesis : the pattern of reforms, 1789-1849 -- The Ottoman Empire and Egypt during the era of the tanzimat -- Egypt and Iran in the late nineteenth century -- The response of Islamic society -- The era of the young Turks and the Iranian constitutionalists -- World war I and the end of the Ottoman order -- Authoritarian reform in Turkey and Iran -- The Arab struggle for independence : Egypt, Iraq, and Transjordan from the interwar era to 1945 -- The Arab struggle for independence : Syria, Lebanon, and Saudi Arabia from the interwar era to 1945 -- The Palestine mandate and the birth of the state of Israel -- Democracy and authoritarianism : Turkey and Iran -- The Middle East in the age of Nasser : the Egyptian base -- The Middle East in the age of Nasser : the radicalization of Arab politics -- Israel and the Palestinians from 1948 to the 1970s -- Changing patterns of war and peace : Egypt and Lebanon in the 1970s and 1980s -- The consolidation of authoritarian rule in Syria and Iraq : the regimes of Hafiz al-Asad and Saddam Husayn -- The Iranian revolution and the resurgence of Islam -- The Arabian Peninsula in the petroleum era -- Challenges to the existing order : the Palestinian uprising and the 1991 Gulf War -- A peace so near, a peace so far : Israeli-Palestinian relations since the Gulf War -- Patterns of continuity and change since the 1991 Gulf War -- America's troubled moment in the Middle East.
650 #0 - PUNTO DE ACCESO ADICIONAL DE MATERIA--TÉRMINO DE MATERIA
Término de materia o nombre geográfico como elemento de entrada Middle East
Subdivisión general History
Subdivisión cronológica 1517-
650 #4 - PUNTO DE ACCESO ADICIONAL DE MATERIA--TÉRMINO DE MATERIA
Término de materia o nombre geográfico como elemento de entrada Medio oriente
Subdivisión general Historia
Subdivisión cronológica 1517
700 1# - ENTRADA AGREGADA--NOMBRE PERSONAL
Nombre de persona Bunton, Martin P.
856 41 - LOCALIZACIÓN Y ACCESO ELECTRÓNICOS
Materiales especificados Table of contents only
Identificador Uniforme de Recursos <a href="http://www.loc.gov/catdir/toc/ecip0826/2008037302.html">http://www.loc.gov/catdir/toc/ecip0826/2008037302.html</a>
942 ## - ELEMENTOS DE ENTRADA SECUNDARIOS (KOHA)
Fuente del sistema de clasificación o colocación Clasificación de Library of Congress
Tipo de ítem Koha
946 ## - PROCESAMIENTO DE INFORMACIÓN LOCAL (OCLC)
a MaaM
Holdings
Estatus retirado Estado de pérdida Fuente del sistema de clasificación o colocación Estado de daño No para préstamo Colección Biblioteca de origen Biblioteca actual Ubicación en estantería Fecha de adquisición Serial enumeration / chronology Signatura topográfica completa Código de barras Visto por última vez Copia número Tipo de ítem Koha
    Clasificación de Library of Congress     Recursos Regionales Biblioteca Juan Bosch Biblioteca Juan Bosch Recursos Regionales (2do. Piso) 10/04/2023 1 439 DS 62.4 C635h 2009 00000107893 23/10/2018 1